Legionnaires` disease - the implications for design and use of hot water systems (Record no. 85604)

MARC details
000 -LEADER
fixed length control field 00555cam a2200205 4500
001 - CONTROL NUMBER
control field D10024
008 - FIXED-LENGTH DATA ELEMENTS--GENERAL INFORMATION
fixed length control field 090401t1985 xxu||||| |||| 00| 0 eng d
035 ## - SYSTEM CONTROL NUMBER
System control number (Sirsi) u962
041 ## - LANGUAGE CODE
Language code of text/sound track or separate title eng
050 ## - LIBRARY OF CONGRESS CALL NUMBER
Classification number 696.6
100 ## - MAIN ENTRY--PERSONAL NAME
Personal name Wozniak, S.J.
245 ## - TITLE STATEMENT
Title Legionnaires` disease - the implications for design and use of hot water systems
260 ## - PUBLICATION, DISTRIBUTION, ETC.
Place of publication, distribution, etc. Garston, Watford
Name of publisher, distributor, etc. Building Research Establishment
Date of publication, distribution, etc. 1985
300 ## - PHYSICAL DESCRIPTION
Extent 4p. 30cm
350 ## - PRICE (NR) (BK AM CF MU VM SE) [OBSOLETE]
Price 0
490 ## - SERIES STATEMENT
Series statement Information Paper
Volume/sequential designation 5/85
520 ## - SUMMARY, ETC.
Summary, etc. Caption title
942 ## - ADDED ENTRY ELEMENTS (KOHA)
Suppress in OPAC 0
948 ## - LOCAL PROCESSING INFORMATION (OCLC); SERIES PART DESIGNATOR (RLIN)
c (OCLC) 04/03/1997
Holdings
Withdrawn status Lost status Source of classification or shelving scheme Damaged status Not for loan Home library Current library Shelving location Date acquired Total Checkouts Full call number Barcode Date last seen Copy number Price effective from Koha item type
    Dewey Decimal Classification     London London Boxed set 14/09/1999   BOXED SET 30006125 06/08/2019 1 06/08/2019 Book